Modelling spatial variability of load carrying capacity of soil using GIS (Record no. 4570)

MARC details
000 -LEADER
fixed length control field 00573nam a22001817a 4500
003 - CONTROL NUMBER IDENTIFIER
control field OSt
005 - DATE AND TIME OF LATEST TRANSACTION
control field 20220107122757.0
008 - FIXED-LENGTH DATA ELEMENTS--GENERAL INFORMATION
fixed length control field 150330b xxu||||| |||| 00| 0 eng d
040 ## - CATALOGING SOURCE
Transcribing agency
100 ## - MAIN ENTRY--PERSONAL NAME
Personal name Karthika Mohan (92312005)
9 (RLIN) 6323
245 ## - TITLE STATEMENT
Title Modelling spatial variability of load carrying capacity of soil using GIS
502 ## - DISSERTATION NOTE
Degree type MSc. Geoinformatics
Name of granting institution 2012- 2014
Year degree granted INT
-- Radhakrishnan T and Manoj Kumar T K
650 ## - SUBJECT ADDED ENTRY--TOPICAL TERM
Topical term or geographic name entry element SPATIAL VARIABILITY
9 (RLIN) 6324
650 ## - SUBJECT ADDED ENTRY--TOPICAL TERM
Topical term or geographic name entry element GEOGRAPHIC INFORMATION SYSTEM
9 (RLIN) 6325
650 ## - SUBJECT ADDED ENTRY--TOPICAL TERM
Topical term or geographic name entry element ARCGIS
9 (RLIN) 6326
650 ## - SUBJECT ADDED ENTRY--TOPICAL TERM
Topical term or geographic name entry element PYTHON
9 (RLIN) 6327
942 ## - ADDED ENTRY ELEMENTS (KOHA)
Source of classification or shelving scheme Dewey Decimal Classification
Koha item type
Holdings
Withdrawn status Lost status Source of classification or shelving scheme Damaged status Not for loan Home library Current library Date acquired Total Checkouts Barcode Date last seen Price effective from Koha item type
    Dewey Decimal Classification     IIITM-K Kerala University of Digital Sciences, Innovation and Technology Knowledge Centre 30/03/2015   R-500 30/03/2015 30/03/2015 Project Reports